Countries by clue - Statistics

General Stats
  • This quiz has been taken 26 times
  • The average score is 12 of 12
Answer Stats
Hint Answer % Correct
Kangaroo,cricket,fair dinkum Australia
100%
Hitler,Einstein,vienna Austria
100%
Pyramid,cleopatra,desert Egypt
100%
Baguette,Paris,moustache France
100%
Ww2,Berlin wall,potatoes Germany
100%
Athens,sculptures,olympics Greece
100%
Denmark,trump wants,Nuuk Greenland
100%
Gaza,hamas,war Israel
100%
Pizza,pasta,venice Italy
100%
Britain,England,queen Uk
100%
Desert,Arabic,Osama bin laden Saudi arabia
96%
Freedom,bald eagle,obama USA
92%
No matching quizzes found
Score Distribution
Percent of People with Each Score
Percentile by Number Answered
Your Score History
You have not taken this quiz